| 000 | 00452nam a2200133Ia 4500 | ||
|---|---|---|---|
| 003 | GCL | ||
| 008 | 140319s9999 xx 000 0 ara d | ||
| 040 |
_aGCL / _cGCL |
||
| 082 | 0 | 4 |
_a332.41 _bر ت |
| 245 | 1 | 0 | _aالتضخم المستورد : دراسة فى اثار التضخم بالبلاد الرأسمالية على البلاد العربية |
| 260 |
_a[S.N] : _bدار المستقبل العربى ، _c1986 |
||
| 300 | _a258 ص | ||
| 490 | _a | ||
| 999 |
_c35581 _d35581 |
||